MARC details
| 000 -LEADER |
| campo de control de longitud fija |
02218cam a2200373 i 4500 |
| 001 - NÚMERO DE CONTROL |
| campo de control |
24173435 |
| 003 - IDENTIFICADOR DE NÚMERO DE CONTROL |
| campo de control |
BJBSDDR |
| 005 - FECHA Y HORA DE LA ÚLTIMA TRANSACCIÓN |
| campo de control |
20260213164506.0 |
| 007 - CAMPO FIJO DE DESCRIPCIÓN FÍSICA--INFORMACIÓN GENERAL |
| campo de control de longitud fija |
ta |
| 008 - DATOS DE LONGITUD FIJA--INFORMACIÓN GENERAL |
| campo de control de longitud fija |
240912s2024 fr b 000 0 fre d |
| 010 ## - NÚMERO DE CONTROL DE LA BIBLIOTECA DEL CONGRESO |
| Número de control de LC |
2024384523 |
| 020 ## - NÚMERO INTERNACIONAL ESTÁNDAR DEL LIBRO |
| Número Internacional Estándar del Libro |
9782380946123 (paperback) |
| 020 ## - NÚMERO INTERNACIONAL ESTÁNDAR DEL LIBRO |
| Número Internacional Estándar del Libro |
2380946124 (paperback) |
| 035 ## - NÚMERO DE CONTROL DEL SISTEMA |
| Número de control de sistema |
(Fr-PaAMA)AAL08409355-0001 |
| 040 ## - FUENTE DE CATALOGACIÓN |
| Centro catalogador/agencia de origen |
Fr-PaAMA |
| Lengua de catalogación |
eng |
| Normas de descripción |
rda |
| Centro/agencia transcriptor |
Fr-PaAMA |
| Centro/agencia modificador |
DLC |
| 041 ## - CÓDIGO DE IDIOMA |
| Código de lengua del texto/banda sonora o título independiente |
fre |
| 042 ## - CÓDIGO DE AUTENTICACIÓN |
| Código de autenticación |
lccopycat |
| 050 14 - SIGNATURA TOPOGRÁFICA DE LA BIBLIOTECA DEL CONGRESO |
| Número de clasificación |
UG 479 |
| Número de ítem |
V136h 2024 |
| 100 1# - ENTRADA PRINCIPAL--NOMBRE DE PERSONA |
| Nombre de persona |
Valantin, Jean-Michel |
| 9 (RLIN) |
25238 |
| 245 10 - MENCIÓN DEL TÍTULO |
| Título |
Hyperguerre : |
| Resto del título |
comment l'IA révolutionne la guerre / |
| Mención de responsabilidad, etc. |
Jean-Michel Valantin. |
| 264 #1 - PRODUCCIÓN, PUBLICACIÓN, DISTRIBUCIÓN, FABRICACIÓN Y COPYRIGHT |
| Producción, publicación, distribución, fabricación y copyright |
Paris : |
| Nombre del de productor, editor, distribuidor, fabricante |
Nouveau Monde éditions, |
| Fecha de producción, publicación, distribución, fabricación o copyright |
2024. |
| 300 ## - DESCRIPCIÓN FÍSICA |
| Extensión |
280 pages, 8 unnumbered pages ; |
| Dimensiones |
23 cm. |
| 336 ## - TIPO DE CONTENIDO |
| Término de tipo de contenido |
text |
| Código de tipo de contenido |
txt |
| Fuente |
rdacontent |
| 337 ## - TIPO DE MEDIO |
| Nombre/término del tipo de medio |
unmediated |
| Código del tipo de medio |
n |
| Fuente |
rdamedia |
| 338 ## - TIPO DE SOPORTE |
| Nombre/término del tipo de soporte |
volume |
| Código del tipo de soporte |
nc |
| Fuente |
rdacarrier |
| 500 ## - NOTA GENERAL |
| Nota general |
"IA" stands for: "Intelligence artificielle." |
| 504 ## - NOTA DE BIBLIOGRAFÍA, ETC. |
| Nota de bibliografía, etc. |
Includes bibliographical references (pages 279-281). |
| 520 ## - RESUMEN, ETC. |
| Sumario, etc. |
L'intelligence artificielle est en train de changer radicalement la guerre. Drones, avions de combat, missiles hypersoniques... deviennent des armes autonomes régies par des algorithmes. Mais l'IA révolutionne également la stratégie à travers la guerre cognitive et une nouvelle course aux armements. Dans cet ouvrage pionnier, Jean-Michel Valantin raconte comment l'IA influe sur les guerres actuelles : Ukraine, Moyen-Orient, mer Rouge, et tout l'arc des crises qui va du Sahel à l'Asie centrale. Il explique comment les États-Unis et la Chine préparent leurs guerres à venir en intégrant massivement l'IA aux armées. Une militarisation de l'IA qui annonce également la projection de robots autonomes et auto-apprenants dans les grands fonds marins et dans l'espace pour les guerres des ressources. L'IA est devenue le moteur d'une nouvelle forme de pouvoir. Aussi, comprendre ce processus |
| 650 #0 - PUNTO DE ACCESO ADICIONAL DE MATERIA--TÉRMINO DE MATERIA |
| Término de materia o nombre geográfico como elemento de entrada |
Artificial intelligence |
| Subdivisión general |
Military applications. |
| 650 #4 - PUNTO DE ACCESO ADICIONAL DE MATERIA--TÉRMINO DE MATERIA |
| Término de materia o nombre geográfico como elemento de entrada |
Inteligencia artificial |
| Subdivisión general |
Aplicaciones militares |
| 9 (RLIN) |
47095 |
| 906 ## - ELEMENTOS DE DATOS F LOCAL, LDF (RLIN) |
| a |
7 |
| b |
cbc |
| c |
copycat |
| d |
3 |
| e |
ncip |
| f |
20 |
| g |
y-gencatlg |
| 942 ## - ELEMENTOS DE ENTRADA SECUNDARIOS (KOHA) |
| Fuente del sistema de clasificación o colocación |
Clasificación de Library of Congress |
| Tipo de ítem Koha |
Libro |